000 00390 a2200097 4500
245 0 0 _aElementy urządzeń mikrofalowych - Kołnierze typu L i N złączy falowodów prostokątnych obniżonych Główne wymiary PN-83/T-80331 /
_cMin. Przem. Maszynowego.
246 1 3 _aPN-83/T-80331
246 1 3 _a621.372.822
260 _aWarszawa :
_bMin. Przem. Maszynowego,
_c1975.
300 _a6 stron ;
_c30 cm.
650 _aPolska norma
999 _c19526
_d19526